Every Song by Grayscale - Statistics

General Stats
  • This quiz has been taken 39 times
    20 since last reset
  • The average score is 40 of 66
Answer Stats
Album Song % Correct
Nella Vita(2019) Asbury
100%
Adornment(2017) Atlantic
100%
Nella Vita(2019) Baby Blue
100%
What We're Missing(2016) Change
100%
Nella Vita(2019) Desert Queen
100%
Adornment(2017) Forever Yours
100%
Adornment(2017) If I Ever See You Again
100%
Nella Vita(2019) In Violet
100%
Leaving(2013) Leaving
100%
Umbra(2021) Motown
100%
Adornment(2017) Mum
100%
The Hart(2025) Mum II
100%
Nella Vita(2019) Painkiller Weather
100%
Change(2015) The Old Apartment
100%
Nella Vita(2019) Tommy's Song
100%
Umbra(2021) Bad Love
67%
Adornment(2017) Beautiful Things
67%
What We're Missing(2016) Bloom
67%
What We're Missing(2016) Catholic
67%
Adornment(2017) Come Undone
67%
Umbra(2021) Dirty Bombs
67%
The Hart(2025) Don't Leave Me in the Dark
67%
Umbra(2021) Dreamcatcher
67%
Adornment(2017) Echoes (Carry On)
67%
Adornment(2017) Fever Dream
67%
What We're Missing(2016) Irish Curtains
67%
Nella Vita(2019) Just Right
67%
The Hart(2025) Kept Me Alive
67%
Umbra(2021) King of Everything
67%
Adornment(2017) Let It Rain
67%
Umbra(2021) Light
67%
Umbra(2021) Live Again
67%
The Hart(2025) Not Afraid to Die
67%
Nella Vita(2019) Old Friends
67%
Umbra(2021) Over Now
67%
What We're Missing(2016) Say Something
67%
Adornment(2017) Slept
67%
Adornment(2017) Slipping Away
67%
The Hart(2025) Summer Clothes
67%
What We're Missing(2016) Tense
67%
The Hart(2025) The Hart
67%
Nella Vita(2019) Twilight (My Heaven)
67%
Nella Vita(2019) What's On Your Mind
67%
Nella Vita(2019) YOUNG
67%
What We're Missing(2016) August Love
33%
Umbra(2021) Babylon (Say It to My Face)
33%
Umbra(2021) Carolina Skies
33%
Leaving(2013) Christopher Hitchens
33%
The Hart(2025) Dance With Your Ghost
33%
Non-Album(2020) Diamond
33%
Leaving(2013) Growing Pains
33%
Nella Vita(2019) In My Arms
33%
The Hart(2025) Let Go
33%
What We're Missing(2016) Midwest
33%
The Hart(2025) Painting Over You
33%
What We're Missing(2016) Palette
33%
The Hart(2025) Some Kind of Magic
33%
The Hart(2025) Talking in My Sleep
33%
The Hart(2025) Through the Landslide
33%
Umbra(2021) Without You
33%
Leaving(2013) 618 Carpenter Street
0%
Leaving(Bonus)(2013) Colors
0%
Leaving(2013) Dying Breed
0%
Leaving(2013) Elevator Song
0%
Leaving(2013) Frail
0%
Leaving(2013) Sunday
0%
No matching quizzes found
Score Distribution
Percent of People with Each Score
Percentile by Number Answered
Your Score History
You have not taken this quiz since the last reset